• 首页
  • 本馆介绍
  • 公告通知
  • 最新文献
  • 馆藏检索
  • 电子资源
  • 读者导购
  • 参考咨询
  • 我的图书馆
  • 登录
  • 详细信息显示
  • 放入我的书架
  • 预约/预借图书
  • 作者相关作品
  • 分类相关作品
  • 丛书相关作品
  • 出版社相关作品

书目信息

  • 表格格式
  • 工作单格式
  • 卡片格式
题名:
中小企业的开放式创新
    
 
作者: (比)维姆·范哈弗贝克(WimVanhaverbeke) 著
分册:  
出版信息: 北京   中国财富出版社  2018.5
页数:
开本: 24cm
丛书名: 中欧经管图书
单 册:
中图分类: F276.3
科图分类:
主题词: 中小企业--企业创新--研究
电子资源:
ISBN: 978-7-5047-6638-0
000 01633oam2 2200253 450
001 012001004392
005 20140928162349.0
010    @a978-7-5047-6638-0@b精装@dCNY48.00
100    @a20180512d2018 em y0chiy0110 ea
101 0  @achi
102    @aCN@b110000
105    @ay z 000yy
106    @ar
200 1  @a中小企业的开放式创新@9zhong xiao qi ye de kai fang shi chuang xin@f(比)维姆·范哈弗贝克(WimVanhaverbeke)著
210    @a北京@c中国财富出版社@d2018.5
215    @d24cm
225 2  @a中欧经管图书
330    @a在过去十年里,开放式创新(OI)已经成为一个热门话题,越来越多的中小型企业运用开放式创新获得了竞争优势。但迄今为止,开放式创新的研究主要是在高科技企业和跨国企业中进行的,而本书探索性地研究了中小型企业是否适用、如何运用开放式创新。利用从荷兰605家创新型中小企业收集的数据库,作者探索了开放式创新的发生率和显见的趋势,并进一步关注中小企业采用开放式创新做法时的动机和所面临的挑战。通过考察能够反映中小企业技术探索和开发的八项创新做法,作者发现,在过去7年里,越来越多中小企业响应了开放式创新的趋势,并参与了许多开放式创新实践。研究也发现,从中小企业所在的行业来说,制造业和服务业之间没有重大差异。但平均而言,中型企业比小型企业更多地参与开放式创新;中小型企业主要出于市场相关动机而追求开放式创新,如满足客户需求或跟上竞争对手等;而最重要的挑战在于,由于与外部的联系增加了,需要处理一系列与企业组织和文化相关的问题。
461  0 @12001 @a中欧经管图书
606 0  @a中小企业@x企业创新@x研究
690    @aF276.3@v5
701  0 @a(比)维姆·范哈弗贝克(WimVanhaverbeke)@9( bi ) wei mu · fan ha fu bei ke ( W i m V a n h a v e r b e k e )@4著
801  0 @aCN@b上海新华@c20180901
905    @b1170574-8@dF276.3@e1632@f5
    
    中小企业的开放式创新/(比)维姆·范哈弗贝克(WimVanhaverbeke)著.-北京:中国财富出版社,2018.5
    24cm.-(中欧经管图书)
    
    
    ISBN 978-7-5047-6638-0(精装):CNY48.00
    在过去十年里,开放式创新(OI)已经成为一个热门话题,越来越多的中小型企业运用开放式创新获得了竞争优势。但迄今为止,开放式创新的研究主要是在高科技企业和跨国企业中进行的,而本书探索性地研究了中小型企业是否适用、如何运用开放式创新。利用从荷兰605家创新型中小企业收集的数据库,作者探索了开放式创新的发生率和显见的趋势,并进一步关注中小企业采用开放式创新做法时的动机和所面临的挑战。通过考察能够反映中小企业技术探索和开发的八项创新做法,作者发现,在过去7年里,越来越多中小企业响应了开放式创新的趋势,并参与了许多开放式创新实践。研究也发现,从中小企业所在的行业来说,制造业和服务业之间没有重大差异。但平均而言,中型企业比小型企业更多地参与开放式创新;中小型企业主要出于市场相关动机而追求开放式创新,如满足客户需求或跟上竞争对手等;而最重要的挑战在于,由于与外部的联系增加了,需要处理一系列与企业组织和文化相关的问题。
●
相关链接 在E读中查询图书 在五车中查询图书 在当当中查询图书 在豆瓣中查询图书


正题名:中小企业的开放式创新     索取号:F276.3/1632         预约/预借

序号 登录号 条形码 馆藏地/架位号 状态 备注
1 1170574   211705742   第一样本阅览室/ [索取号:F276.3/1632] 在馆    
2 1170575   211705751   第一借阅区/ [索取号:F276.3/1632] 在馆    
3 1170576   211705760   第一借阅区/ [索取号:F276.3/1632] 在馆    
4 1170577   211705779   密集书库-海洋学院/ [索取号:F276.3/1632] 在馆    
5 1170578   211705788   第一借阅区/ [索取号:F276.3/1632] 在馆    
唐山师范学院图书馆 欢迎您!
大连网信软件有限公司© 版权所有